=LDR 00000nam 2200000 4500 =001 INLIS000000000013893 =005 20130612105219 =008 ***********************************Ind** =035 ##$$0010-061300000013893 =041 ##$$a Ind =082 ##$$a 636.086 =090 ##$$a 636.086, And b =100 ##$$a Andoko, Agus =245 ##$$a Bertanam milet untuk pakan burung, Drs.Agus Andoko =260 ##$$a 2001 $b Jakarta =300 ##$$a 64 hlm, Ilus, 21 cm =650 ##$$a Burung - Pakan =850 ##$$a NBPNMAT